000 00602nam a2200193Ia 4500
008 120924t2007 xxu||||| |||| 00| 0 sin d
041 _asin
080 _a8-3 (Youth)
_bBLY
100 _aBlyton,Enid
245 _aහා පැංචාගේ අවුරුදු සාදය
246 _aHa Panchage Awurudu Sadaya
260 _aMalpiyali Publishers
_aDankotuwa
_c2007
300 _b65p, ill, 17 cm
500 _aSinhalese Translation of E.Blyton's of Brer Rabbit's a Rascal
700 _aSiriwardhane,Kumara
_etr.
942 _cBK
999 _c43483
_d43483
003 LK-CoDNM
040 _aLK-CoDNM
_dLK-CoDNM
_eLK-CoDNM